| 000 | 00702cam a22002295a 4500 | ||
|---|---|---|---|
| 999 |
_c27447 _d27418 |
||
| 005 | 20190518092824.0 | ||
| 008 | 920413t1993 njua frb 001 0 eng d | ||
| 020 | _a0137354657 | ||
| 020 | _a9780137354658 | ||
| 040 |
_aDLC _beng _cDLC _dDLC _dEG-ScBUE _dEG-ScBUE |
||
| 082 | 0 | 4 |
_a150 _bMOR _222 |
| 100 | 1 | _aMorris, Charles G. | |
| 245 | 1 | 0 |
_aPsychology : _ban introduction / _cCharles G. Morris. |
| 250 | _a8th ed. | ||
| 260 |
_aEnglewood Cliffs, N.J. : _bPrentice Hall, _cc.1993. |
||
| 300 |
_axx, 759 p. : _bill. (some col.) ; _c28 cm. |
||
| 504 | _aIncludes bibliographical references and index. | ||
| 650 | 7 |
_aPsychology. _2BUEsh |
|
| 651 | _2BUEsh | ||
| 653 |
_bHHUUPPSS _cMay2019 |
||
| 942 | _2ddc | ||